000 00641nam a2200277Ia 4500
005 20260324124942.0
008 008 260324s9999 xx 000 0 eng d
020 _a9780203866818
037 _aEBOOK
040 _aCRL
040 _beng
040 _cCRL
041 _2eng
041 _aeng
084 _qCRL
100 _aBrendan Taylor
_91173448
245 0 _aAmerican Sanctions in the Asia-Pacific
260 _bTaylor and Francis
260 _c2009
365 _a
365 _b265
856 _uhttp://www.taylorfrancis.com/books/9780203866818
942 _cEBOOK
999 _c1770959
_d1770959